| 000 | 00559nam a2200193 i 4500 | ||
|---|---|---|---|
| 001 | 57903 | ||
| 003 | ES-MaACL | ||
| 005 | 20250630161143.0 | ||
| 007 | t| | ||
| 008 | 031020s1917 fr ||||1| fre d | ||
| 100 | 1 |
_aDouglas, Alfred. _945488 |
|
| 245 | 1 | 0 |
_aOscar Wilde et moi / _cAlfred Douglas ; traduit par William Claude. |
| 260 |
_aParis : _b[s.n.], _c1917 ( _fChaix) |
||
| 300 |
_aXII, 314 p. ; _c18 cm. |
||
| 600 | 1 | 4 |
_aWilde, Oscar, _d1854-1900 _9241147 |
| 700 | 1 |
_aClaude, William. _939081 |
|
| 852 |
_aES-MaACL _jF-3486 |
||
| 999 |
_c57903 _d57903 |
||